00921nam a2200241 450000500170000002000290001704000350004608200150008110000190009624501000011525000120021526000370022730000360026450400340030052001140033465000240044865000440047265000160051670000170053294200070054999900170055695201060057320250930134757.0 a0273707523cTZS 35,000/= aMCCL.beng.eAACR 2nd .rev.ed a658.05 CHA a Chaffey, Dave aE-business and e-commerce management :b strategy, implementation, and practicec/ Dave Chaffey a3nd ed. aHarlow:bPrentice-Hall, cc2004. a xxvi, 588p. : bill. ;c 27 cm aIncludes references and index aThis volume covers business models, theoretical tools and international aspects of e-business and e-commerce. aElectronic commerce aBusiness enterprises--Computer networks aE-Marketing aDave chaffey cBK c11422d11422 00104070aMU002bMU002d2014-02-01l0o658 .05 CHAp004153r2025-09-30 13:51:41t1w2025-09-30yBK